00738nam a2200241Ia 450000100060000000300090000600800410001504000130005604000130006904100130008210000180009510000290011324500480014224500400019025000110023026000100024126000220025126000490027330000570032250000640037965000220044365000310046515028IT-RoPAU130308s9999 xx 000 0 und d aIT-RoPAU cIT-RoPAU aFRANCESE aMaudru Pierre gCodice Aut. SPICS: 10507 aTheatre lyrique en France et en Europe (Le) bSpectacles a Travers Les Ages (Les) a1a ed. aPARIS bEditions Du Cygne c1931 [1° Ed.:1931 - Ed.Ling.Originale:1931] a"24 p. (prefazione: no ; testo: 24 [pagine: 57-80])" aTeatro lirico in Francia e in Europa Spagna Italia Germania aSTORIA DEL TEATRO eCodice materia Spics: 8408